Handbook of Physics
Bewaard in:
| Hoofdauteurs: | , , , |
|---|---|
| Formaat: | Boek |
| Taal: | Engels |
| Gepubliceerd in: |
Nueva York
Springer
2002
|
| Editie: | 1a. ed |
| Onderwerpen: | |
| Tags: |
Voeg label toe
Geen labels, Wees de eerste die dit record labelt!
|
MARC
| LEADER | 00000nam a2200000 a 4500 | ||
|---|---|---|---|
| 001 | UCG6917 | ||
| 003 | CL-VaPUC | ||
| 008 | 110602e20020000US |||||||||||||||||eng|d | ||
| 020 | |a 0387952691 | ||
| 082 | 0 | 4 | |a 530.03 |b BEN |2 21 |
| 100 | 0 | |a Benenson, Walter |e author |9 557393 | |
| 700 | 0 | |a Harris, John W |e author |9 557394 | |
| 700 | 0 | |a Stocker, Horst |e author |9 557395 | |
| 700 | 0 | |a Lutz, Holger |e author |9 557396 | |
| 245 | 1 | 0 | |a Handbook of Physics |
| 250 | |a 1a. ed | ||
| 300 | |a 1181 p | ||
| 942 | |c BK | ||
| 945 | |d 20110602 00:00:00 |a cmena | ||
| 260 | |a Nueva York |b Springer |c 2002 | ||
| 650 | 0 | |a Física |9 227844 | |
| 650 | 0 | |a Manuales |9 257144 | |
| 650 | 0 | |a partículas elementales |9 349874 | |
| 650 | 0 | |a Electromagnetismo |9 260123 | |
| 650 | 0 | |a Estados de la Materia |9 347141 | |
| 650 | 0 | |a Termodinámica |9 259320 | |
| 650 | 0 | |a Optica |9 263171 | |
| 650 | 7 | |a FISICA NUCLEAR |2 CL-VaPUC |9 270366 | |
| 583 | |a last modification |c 20110602 00:00:00 |k Rodrigo Vera | ||
| 999 | |c 345025 |d 345023 | ||